000 01065cam a2200337 i 4500
001 data
005 20260322212108.0
008 data
035 _a20291111
906 _a7
_bcbc
_corigres
_d2
_encip
_f20
_gy-gencatlg
925 0 _aacquire
_b1 shelf copies
_xpolicy default
010 _a 2017494042
020 _a9789870331995
020 _a9870331998
040 _aDLC
_beng
_erda
_cDLC
042 _apcc
043 _as-ag---
050 0 0 _aKHA3003
_b.M366 2017
100 1 _aManili, Pablo Luis,
_eauthor.
245 1 0 _aManual de derechos humanos /
_cPablo Luis Manili ; prólogo de Eduardo Ferrer Mac-Gregor.
264 1 _aBuenos Aires :
_bThomson Reuters La Ley,
_c[2017]
300 _axxxiv, 405 pages ;
_c24 cm
336 _atext
_btxt
_2rdacontent
337 _aunmediated
_bn
_2rdamedia
338 _avolume
_bnc
_2rdacarrier
504 _aIncludes bibliographical references.
650 0 _aHuman rights
_zArgentina.
650 0 _aHuman rights
_zAmerica.
650 0 _aHuman rights.
999 _c1609
_d1609